000 00302nam a2200109Ia 4500
008 231129s9999||||xx |||||||||||||| ||spa||
082 _a861.6 J614p (EN PROCESO DE DESCARTE)
100 _aJimenez Juan Ramón.
245 0 _aPrimeros libros de Poesí­a
264 _aMadrid : Aguilar
942 _2ddc
_cBKS
999 _c23198
_d23198